|
|
|
|
| LEADER |
00000nam0a2200000 4500 |
| 001 |
40368 |
| 005 |
20231031012658.0 |
| 010 |
|
|
|a 5703818702
|
| 035 |
|
|
|a (RuTPU)RU\TPU\book\41415
|
| 090 |
|
|
|a 40368
|
| 100 |
|
|
|a 20020514d2001 m y0rusy50 ca
|
| 101 |
0 |
|
|a rus
|
| 102 |
|
|
|a RU
|
| 105 |
|
|
|a a j 001zy
|
| 200 |
1 |
|
|a Динамика механизмов
|e учебное пособие
|f А. А. Головин, Ю. В. Костиков, А. Б. Красовский, В. А. Никоноров, М. В. Рябинин
|g Московский государственный технический университет им. Н. Э. Баумана; Под ред. А. А. Головина
|
| 210 |
|
|
|a Москва
|c Изд-во МГТУ
|d 2001
|
| 215 |
|
|
|a 192 с.
|c ил.
|
| 320 |
|
|
|a Библиогр.: с. 190-191.
|
| 610 |
1 |
|
|a машиноведение
|
| 610 |
1 |
|
|a механизмы
|
| 610 |
1 |
|
|a динамика
|
| 610 |
1 |
|
|a источники энергии
|
| 610 |
1 |
|
|a динамический анализ
|
| 610 |
1 |
|
|a динамический синтез
|
| 610 |
1 |
|
|a рычажные механизмы
|
| 610 |
1 |
|
|a силовые расчеты
|
| 610 |
1 |
|
|a учебные пособия
|
| 675 |
|
|
|a 621.01:531.3(075.8)
|v 3
|
| 701 |
|
1 |
|a Головин
|b А. А.
|g Александр Александрович
|
| 701 |
|
1 |
|a Костиков
|b Ю. В.
|g Юрий Васильевич
|
| 701 |
|
1 |
|a Красовский
|b А. Б.
|g Александр Борисович
|
| 701 |
|
1 |
|a Никоноров
|b В. А.
|g Василий Александрович
|
| 701 |
|
1 |
|a Рябинин
|b М. В.
|g Михаил Вячеславович
|
| 702 |
|
1 |
|a Головин
|b А. А.
|g Александр Александрович
|4 340
|
| 712 |
0 |
2 |
|a Московский Государственный технический университет им. Н. Э. Баумана
|2 stltpush
|3 (RuTPU)RU\TPU\col\1562
|
| 801 |
|
1 |
|a RU
|b 63413507
|c 20020514
|g PSBO
|
| 801 |
|
2 |
|a RU
|b 63413507
|c 20080408
|g PSBO
|
| 942 |
|
|
|c BK
|